000 00452nab a2200145Ia 4500
003 ES-SlBCS
005 20210601144515.0
008 140529s1960 xxu||||| |||| 00| 0 spa d
041 _aspa
100 1 _aIglesias Marcelo, Juan
_9301502
245 0 0 _aCurso sobre Escuelas Unitarias Completas
_c Juan Iglesias Marcelo
650 0 4 _aEscuela Unitaria
_9127559
773 0 _tRevista de Educacion
_gvol. 40, nº. 116, 1960, págs. 66-70
_wRev360
942 _cAR
999 _c709668
_d709668